000 00706nam a2200205Ia 4500
005 20260121110035.0
008 008 260114s9999 xx 000 0 hin d
020 _a9788132353805
037 _aEBOOK
040 _aCRL
_bhin
_cCRL
041 _ahin
_2hin
084 _qCRL
100 _aमनीष शुक्ल / Manish Shukla
_9941314
245 0 _aलाइकेन: संरचना, प्रजनन एवं अनुकूलन / Lichen: Sanrachna, Prajanan aur Anukoolan
260 _bभाषा प्रकाशन / Bhasha Prakashan
_c2020
856 _uhttps://bhashaprakashan.com/product-details/382510
942 _cEBOOK
999 _c1532979
_d1532979